00264 a2200109 4500001000700000020000600007040001100013100002000024240005300044245004800097362000900145167115 a  cMagnum aDeleuze, Gilles10aMil platos: capitalismo e esquizofrenia/v.5lpor10aMil platos: capitalismo e esquizofrenia/v.50 a1899